| 000 | 00621nam a2200205Ia 4500 | ||
|---|---|---|---|
| 003 | OSt | ||
| 005 | 20220107122741.0 | ||
| 008 | 130318s9999 xx 000 0 und d | ||
| 020 | _a9788126538263 | ||
| 040 | _cIIITM-K | ||
| 082 | _a005.7585S HAR/P | ||
| 100 |
_aHarinath, Sivakumar _94604 |
||
| 245 |
_aProfessional Microsoft SQL server 2012 analysis services with MDX and DAX _cby Sivakumar Harinath et al. |
||
| 260 |
_bWiley, _aNew Delhi, _c2012. |
||
| 300 | _axl, 1129p. | ||
| 650 |
_aCOMPUTER SCIENCE _94605 |
||
| 650 |
_a MICROSOFT SQL SERVER 2012 _94606 |
||
| 650 |
_aREPORTING SERVICES _94607 |
||
| 942 |
_2ddc _cBK |
||
| 999 |
_c3976 _d3976 |
||